000 00394nam a22001697a 4500
005 20260408123724.0
008 160627b xxu||||| |||| 00| 0 eng d
020 _a0-14-043936-6
041 _aeng
082 _a823.8
100 _aThackeray, william Make
_92896
245 _aVanity fair
260 _bPenguin India
_c2002
300 _a800
650 _aenglish fiction
_98925
942 _cBK
999 _c4193
_d4192